Growth od NAG vibrios and production of exotoxins in minimal synthetic media

Bibliographic Details
Main Authors: Majtán, Viktor, 1944- (Author), Čižmár, Ivan (biológ) (Author), Karolček, Ján, 1912-1995 (Author)
Format: Article
Language:Slovak
PhysicalDescription:Obr. 2. Tb. 2. Res. slov., rus.
Subjects:

MARC

LEADER 00000nab a2200000 a 4500
001 vtls000073744
003 SK-MaSNL
005 20260304054519.0
008 250422c1980 xo 0 slo
015 |a SNBRB19rr/mm-uuuuu 
035 |a CL0083845 
035 |a urn:nbn:sk:snk-abb9dg 
035 |a (urnnbn)urn:nbn:sk:snk:ar-000rg1 
035 |a (uuid)9fdaf319-1e35-4f26-8e4e-0adb6c6cbd0c 
040 |a SNKBUCL  |b slo  |c SNKBUCL  |e AACR2 
041 0 |a slo 
044 |a xo  |c SK 
080 |a 578  |2 1981 
100 1 |a Majtán, Viktor,  |d 1944-  |4 aut  |9 201905 
245 1 0 |a Growth od NAG vibrios and production of exotoxins in minimal synthetic media  |c Viktor Majtán, Ivan Čižmár, Ján Karolček 
300 |b Obr. 2. Tb. 2. Res. slov., rus. 
650 0 7 |a vírusy  |2 snkbucl  |9 687 
655 7 |a články z novín a časopisov  |2 snkbucl  |9 267496 
700 1 |a Čižmár, Ivan  |c (biológ)  |4 aut  |9 1339610 
700 1 |a Karolček, Ján,  |d 1912-1995  |4 aut  |9 6664 
773 0 |t Biológia  |g Roč. 35, č. 12 (1980), s. 881-888 
850 |a Slovenská národná knižnica 
852 |a Slovenská národná knižnica 
954 |a odborná, vedecká literatúra pôvodná (slovenská)  |2 lita 
958 |a article15 
958 |a RK 
958 |a MI 
958 |a OND 
958 |a EUIPO 
992 |a RBX 
999 |c 2719331  |d 2721261